Rabindranath Tagore: Selected Short Stories (Record no. 11418)

000 -LEADER
fixed length control field 00363nam a2200145Ia 4500
008 - FIXED-LENGTH DATA ELEMENTS--GENERAL INFORMATION
fixed length control field 200103s9999||||xx |||||||||||||| ||und||
020 ## - INTERNATIONAL STANDARD BOOK NUMBER
International Standard Book Number 9780230332775
082 ## - DEWEY DECIMAL CLASSIFICATION NUMBER
Classification number Column-64
100 ## - MAIN ENTRY--PERSONAL NAME
Personal name Quayum, Mohammad A.
245 #0 - TITLE STATEMENT
Title Rabindranath Tagore: Selected Short Stories
260 ## - PUBLICATION, DISTRIBUTION, ETC. (IMPRINT)
Name of publisher, distributor, etc Macmillan, London
Date of publication, distribution, etc 2011
300 ## - PHYSICAL DESCRIPTION
Extent 160
942 ## - ADDED ENTRY ELEMENTS (KOHA)
Item type Books
Holdings
Withdrawn status Lost status Source of classification or shelving scheme Damaged status Not for loan Collection code Permanent location Current location Shelving location Date acquired Total Checkouts Full call number Barcode Date last seen Date last borrowed Koha item type Public note
          Fiction IMU-MPC Library IMU-MPC Library Fiction 2020-01-08 2 Column-64 MPC4949 2022-09-13 2022-08-24 Books Column-64
Copyright © 2021 Indian Maritime University, Mumbai Port Campus. All Rights Reserved. Managed & Maintained by Central Library, IMU-Mumbai

webs counters

Powered by Koha